000 00490cam a2200169 4500
001 4628
005 20250522150509.0
008 130204s2013 enkb 000 1 eng
010 _a 2013376193
020 _a9780198280460
082 _a305.5 CAR
100 1 _aCartsen, Janet.
245 1 4 _aThe heat of the hearth :
_bthe process of kingship in the Malay fishing community. /
264 1 _aOxford :
_bClarendon Press,
_c1997.
300 _axv, 305 p. :
_bill. ;
_c24 cm.
942 _2ddc
_cMAIN
999 _c10235
_d10236